000 00501nam a2200169Ia 4500
008 090201s9999 xx 000 0 und d
010 _aKPL-13228
040 _bमराठी
041 _aमराठी
082 _a20429
_b13228
100 _aग. रा. टिकेकर
245 _aबादशहा
_cग. रा. टिकेकर
260 _c2004
_bनिशिगंध प्रकाशन
300 _a128
_bमोठा
600 _aबादशहा
942 _cBOOK
999 _c220204
_d220204